Vista normal Vista MARC

Entrada Topical Term

Número de registros utilizados en: 1

001 - CONTROL NUMBER

  • control field: 14182

003 - CONTROL NUMBER IDENTIFIER

  • control field: OSt

005 - DATE AND TIME OF LATEST TRANSACTION

  • control field: 20210301160111.0

008 - FIXED-LENGTH DATA ELEMENTS

  • fixed length control field: 210301|| aca||aabn | a|a d

040 ## - CATALOGING SOURCE

  • Original cataloging agency: OSt
  • Transcribing agency: OSt

150 ## - HEADING--TOPICAL TERM

  • Topical term or geographic name entry element: Rusia
  • General subdivision: Política económica
  • Chronological subdivision: 1917-1928

670 ## - SOURCE DATA FOUND

  • Source citation: Work cat.: (OSt): Trotsky, autor 14180, El debate soviético sobre la ley del valor / , 1974